Kamusi ya Vitendawili na Mafunzo. (Record no. 825)
[ view plain ]
| 000 -LEADER | |
|---|---|
| fixed length control field | 00507nam a22001457a 4500 |
| 008 - FIXED-LENGTH DATA ELEMENTS--GENERAL INFORMATION | |
| fixed length control field | 150519b xxu||||| |||| 00| 0 eng d |
| 020 ## - INTERNATIONAL STANDARD BOOK NUMBER | |
| International Standard Book Number | 9966467126 |
| 050 ## - LIBRARY OF CONGRESS CALL NUMBER | |
| Classification number | PL 8703 .N33 1991 |
| 100 ## - MAIN ENTRY--PERSONAL NAME | |
| Personal name | Ndalu, Ahmed & Ikambili, Henrietta |
| Dates associated with a name | 1991 |
| 245 ## - TITLE STATEMENT | |
| Title | Kamusi ya Vitendawili na Mafunzo. |
| Statement of responsibility, etc. | Ahmed Ndalu & Henritta M. Ikambili |
| 260 ## - PUBLICATION, DISTRIBUTION, ETC. (IMPRINT) | |
| Place of publication, distribution, etc. | Nairobi |
| Name of publisher, distributor, etc. | Heinemann |
| Date of publication, distribution, etc. | 1991 |
| 300 ## - PHYSICAL DESCRIPTION | |
| Extent | 111p. |
| 440 ## - SERIES STATEMENT/ADDED ENTRY--TITLE | |
| Title | Kamusi ya Vitendawili na Mafunzo. |
| 942 ## - ADDED ENTRY ELEMENTS (KOHA) | |
| Source of classification or shelving scheme | |
| Koha item type | Hard Covered Materials |
| Classification part | PL 8703 .N33 1991 |
| Call number prefix | PL |
| Call number suffix | 8703 .N33 1991 |
| Koha issues (borrowed), all copies | 1 |
| Withdrawn status | Lost status | Source of classification or shelving scheme | Damaged status | Not for loan | Home library | Current library | Date acquired | Total Checkouts | Full call number | Barcode | Date last seen | Date last checked out | Price effective from | Koha item type |
|---|---|---|---|---|---|---|---|---|---|---|---|---|---|---|
| MACHAKOS UNIVERSITY LIBRARY | MACHAKOS UNIVERSITY LIBRARY | 19/05/2015 | 1 | PL 8703 .N33 1991 | 2829 | 04/02/2019 | 02/02/2019 | 19/05/2015 | Hard Covered Materials |